Statistics for Biggest Cities in Indiana

Click here to take the quiz!

General Stats

  • This quiz has been taken 7,486 times
    (6,129 since last reset)
  • The average score is 8 of 20

Answer Stats

Population City % Correct
863,002Indianapolis
100%
76,008Gary
75%
265,904Fort Wayne
67%
102,245South Bend
63%
85,071Bloomington
55%
118,930Evansville
52%
60,774Terre Haute
48%
72,390Lafayette
44%
68,625Muncie
41%
92,198Carmel
36%
57,836Kokomo
31%
52,558Elkhart
27%
55,076Anderson
26%
91,832Fishers
26%
76,618Hammond
24%
61,882Noblesville
21%
57,375Greenwood
21%
49,177Mishawaka
16%
47,383Jeffersonville
15%
48,704Lawrence
13%

Score Distribution

Percentile by Number Answered

Percent of People with Each Score

Your Score History

You have not taken this quiz since the last reset